SCH - Quel est le son ? #1 - Statistiques

Statistiques générales
  • Ce quiz a été pris 150 fois
    132 depuis la dernière actualisation
  • Le résultat moyen est 14 sur 36
Statistiques - réponses
Paroles Morceaux % Correct
J'voulais c'putain d'Mercedes, trois putes sur la banquette arrières Marché noir
69%
Ici, tout l'monde veut mourir riche pour s'payer l'plaisir d'partir en paix A7
65%
On finit sur une île au large, loin d'eux, nous deux, bah ouais j'temmène Je la connais
64%
Jalouse elle me dit : "Wesh, est-ce qu'on s'appelle après neuf heures ? Champs-Élysées
60%
Et les prix baissent à mort sur le marché noir Garcimore
60%
J'ai oublié comment vivre, tant qu'le soleil s'lève avec ou sans love, tant qu'mère n'est pas sauve Fusil
59%
La nuit, j'me réveille en nage sûrement noyé par mes torts Allo maman
58%
J'la quitterai si mère veut qu'j'm'en sépare Otto
58%
Nous, on connait ni un tel, ni un tel, à c'qu'il paraît qu'ils font trembler la ville Anarchie
51%
P'tit, j'en avais déjà dans le fut', j'fais pas tout pour plaire à ta pute Bénéfice
51%
P'tite salope, j'ai mon stéthoscope, mon fric et ton adresse 6.45i
49%
Macabre, y'a des gens sournois à ma table, j'ai un cœur couleur hématome Calabre
49%
Mes pompes sont cirées comme les grands messieurs, j'fais plus peur aux touristes Cannelloni
47%
Qu'une seul mi-f', mentalité Napoli, P.38, piaggio, cannelloni Autobahn
45%
J'aurais pu t'apprendre à la vendre, j'ai voulu t'apprendre à rapper Cervelle
43%
Et y aura toujours un trou du cul qui snap pour couvrir l'évènement Stigmates
43%
J'viendrai t'arroser dans ton bar, j'laisse une grenade au comptoir Gomorra
42%
C'est dur d'parler à un bout d'marbre, c'est dur d'parler à un gosse Himalaya
42%
Puta, j'suis Allemand, attends que j'vienne juste investir, réinvestir, Hennessy, j'résiste à Némésis Mannschaft (feat. Freeze Corleone)
41%
Peu à peu les flammes embrasseront l'vent, peu à peu les drames s'effaceront dans l'temps Ciel rouge
38%
Fiston, méfie-toi des potos, t'sais les potos, ça va, ça vient Ca ira
36%
J'étais jeune et naïf, j'avais pas un rond, ils sont déjà partis ceux qui m'ont trahi Prêt à partir (feat. Ninho)
36%
Elle m'aime d'un amour immortel que la vie à la mort ne tue pas 02:00 (feat. Damso)
32%
Mélange dans la Vittel, moto, j'vise ta tête et l'appuie tête Mode Akimbo (feat. Jul)
29%
J'fais tout pour avoir mon nom sur tes lèvres MAC 11
28%
J'regarde le ciel, j'me soucis pas d'leur avenir, ni de leur karma, j'sais qu'ici, tout s'paie Nino Brown
28%
J'vis la violence, j'refais pas mes dents, j'ai pas fini d'porter des gants Ciment
27%
Abonné aux crimes et aux tribunaux, si y'a des métaux, y'a pas d'numéro uno Hells Kitchen
25%
Une rixe en haut l'taulier s'fait marave, c'est la guerre pour les intérêts Mort de rire
25%
Cess et gras, tu viens, tu baisses ta vitre, tu connais notre panel Crois-moi
23%
Trente-six millions d'amis à dos, on s'rait locataires si on les avait gardés Poupée russe
23%
Tu prends mon produit, vite paye ou ta meuf est veuve Baden Baden (feat. GIMS)
17%
J'reviens de loin, mes reufs en sont témoins, pôle position, seum à l'unisson Dernière ligne droite (feat. Laylow)
15%
J'ai pas tout l'barème en tête mais j'sais c'est beaucoup trop fort Missiles
14%
Y'a plus rien à péter, plus rien à fêter, depuis rien n'est posté Corrida
12%
Tous ces rats morts veulent négo' crame ma com' sur les Champs Ca va (feat. Lacrim)
9%
Aucun quiz correspondant
Distribution des résultats
% des personnes avec chaque résultat
Percentile par nombre de réponses
Votre historique - résultats
Vous n’avez pas pris ce quiz depuis la dernière actualisation